00273nam a2200121Ia 45000030006000000080041000060400015000471000011000622450015000732600034000885460012001220050017001340STCL150530s9999 xx 000 0 und d aSTCLcSTCL aBorrow aRomany Rye bOxford University pressc1919 aEnglish20220125171051.0